Education in the USSR / (Record no. 22286)
[ view plain ]
| 000 -LEADER | |
|---|---|
| fixed length control field | 01353cam a22003011a 4500 |
| 001 - CONTROL NUMBER | |
| control field | e 57000047 |
| 003 - CONTROL NUMBER IDENTIFIER | |
| control field | DLC |
| 005 - DATE AND TIME OF LATEST TRANSACTION | |
| control field | 20260227111236.0 |
| 008 - FIXED-LENGTH DATA ELEMENTS--GENERAL INFORMATION | |
| fixed length control field | 720208s1957 dcua b f000 0 eng c |
| 010 ## - LIBRARY OF CONGRESS CONTROL NUMBER | |
| LC control number | e 57000047 |
| 035 ## - SYSTEM CONTROL NUMBER | |
| System control number | (OCoLC)236534 |
| 040 ## - CATALOGING SOURCE | |
| Original cataloging agency | U.S. Office of Education. Library |
| Transcribing agency | ODaWU |
| Modifying agency | OCoLC |
| -- | NBrockU |
| -- | PPiU |
| -- | DLC |
| 042 ## - AUTHENTICATION CODE | |
| Authentication code | premarc |
| 043 ## - GEOGRAPHIC AREA CODE | |
| Geographic area code | e-ur--- |
| 050 00 - LIBRARY OF CONGRESS CALL NUMBER | |
| Classification number | L111 |
| Item number | .A6 1957, no. 14 |
| 051 ## - LIBRARY OF CONGRESS COPY, ISSUE, OFFPRINT STATEMENT | |
| Classification number | LA831.82 |
| Item number | .U5 |
| 082 ## - DEWEY DECIMAL CLASSIFICATION NUMBER | |
| Classification number | 370.947 |
| 245 00 - TITLE STATEMENT | |
| Title | Education in the USSR / |
| Statement of responsibility, etc. | by Division of International Education, International Educational Relations Branch. |
| 260 ## - PUBLICATION, DISTRIBUTION, ETC. | |
| Place of publication, distribution, etc. | Washington, D.C. : |
| Name of publisher, distributor, etc. | U.S. Dept. of Health, Education, and Welfare, Office of Education, |
| Date of publication, distribution, etc. | 1957. |
| 300 ## - PHYSICAL DESCRIPTION | |
| Extent | xiv, 226 p. : |
| Other physical details | ill. ; |
| Dimensions | 24 cm. |
| 490 1# - SERIES STATEMENT | |
| Series statement | Bulletin / United States, Office of Education ; |
| Volume/sequential designation | 1957, no. 14 |
| 501 ## - WITH NOTE | |
| With note | Copy 2 with: Costs of attending college / Victor Ernest Hollis. Washington : Govt. Print. Off., 1957. Bound together subsequent to publication. |
| Institution to which field applies | DLC |
| 504 ## - BIBLIOGRAPHY, ETC. NOTE | |
| Bibliography, etc. note | Includes bibliographical references (p. 224-226) |
| 650 #0 - SUBJECT ADDED ENTRY--TOPICAL TERM | |
| Topical term or geographic name entry element | Education |
| Geographic subdivision | Soviet Union. |
| 650 #0 - SUBJECT ADDED ENTRY--TOPICAL TERM | |
| Topical term or geographic name entry element | Vocational education |
| Geographic subdivision | Soviet Union. |
| 710 1# - ADDED ENTRY--CORPORATE NAME | |
| Corporate name or jurisdiction name as entry element | United States. |
| Subordinate unit | Office of Education. |
| -- | Division of International Education. |
| -- | International Educational Relations Branch. |
| 830 #0 - SERIES ADDED ENTRY--UNIFORM TITLE | |
| Uniform title | Bulletin (United States. Office of Education) ; |
| Volume/sequential designation | no. 14. |
No items available.